| 000 -LEADER |
| fixed length control field |
00778nam a22002417a 4500 |
| 001 - CONTROL NUMBER |
| control field |
14583 |
| 003 - CONTROL NUMBER IDENTIFIER |
| control field |
BD-DhUAP |
| 005 - DATE AND TIME OF LATEST TRANSACTION |
| control field |
20200202143521.0 |
| 008 - FIXED-LENGTH DATA ELEMENTS--GENERAL INFORMATION |
| fixed length control field |
200202r20061991enka|||| |||| 001 0 eng d |
| 020 ## - INTERNATIONAL STANDARD BOOK NUMBER |
| International Standard Book Number |
0199282501 |
| 040 ## - CATALOGING SOURCE |
| Original cataloging agency |
BD-DhUAP |
| Language of cataloging |
Eng |
| Transcribing agency |
BD-DhUAP |
| Modifying agency |
BD-DhUAP |
| 082 ## - DEWEY DECIMAL CLASSIFICATION NUMBER |
| Edition number |
23 |
| Classification number |
340.11 HOL |
| 100 ## - MAIN ENTRY--PERSONAL NAME |
| Personal name |
Holland , James A. |
| 245 ## - TITLE STATEMENT |
| Title |
Learning legal rules : |
| Remainder of title |
a student's guide to legal method and reasoning / |
| Statement of responsibility, etc. |
James A. Holland and Julian S. Webb. |
| 250 ## - EDITION STATEMENT |
| Edition statement |
6th ed. |
| 260 ## - PUBLICATION, DISTRIBUTION, ETC. |
| Place of publication, distribution, etc. |
London : |
| Name of publisher, distributor, etc. |
Oxford university press, |
| Date of publication, distribution, etc. |
c1991 [Reprinted 2006]. |
| 300 ## - PHYSICAL DESCRIPTION |
| Extent |
xxvi, 376 pages : |
| Other physical details |
illustrations ; |
| Dimensions |
25 cm. |
| 504 ## - BIBLIOGRAPHY, ETC. NOTE |
| Bibliography, etc. note |
Includes bibliographies and index. |
| 650 ## - SUBJECT ADDED ENTRY--TOPICAL TERM |
| Topical term or geographic name entry element |
Law |
| Form subdivision |
Methodology. |
| 650 ## - SUBJECT ADDED ENTRY--TOPICAL TERM |
| Topical term or geographic name entry element |
Law |
| Geographic subdivision |
England. |
| 700 ## - ADDED ENTRY--PERSONAL NAME |
| Personal name |
Webb, Julian S. |
| 942 ## - ADDED ENTRY ELEMENTS (KOHA) |
| Source of classification or shelving scheme |
|
| Koha item type |
Book |